[Event "Warsaw Chess Open 2022 - A"]
[Site "Warsaw"]
[Date "1899-12-30"]
[Round "3.11"]
[White "Choroszej, Aleksander"]
[Black "Yezhel, Valiantsin"]
[Result "0-1"]
[WhiteTitle "k"]
[BlackTitle ""]
[WhiteElo "2040"]
[BlackElo "2248"]

1. d4 f5 2. Bg5 Nf6 3. Bxf6 exf6 4. e3 d5 5. c4 dxc4 6. Bxc4 Bd6 7. Nc3 c6 8. Qf3
Qe7 9. Nge2 Nd7 10. O-O Nb6 11. Bb3 Bd7 12. a4 a5 13. Rac1 g6 14. g3 Kf8 15. d5
c5 16. Nf4 Kg7 17. Ne6+ Bxe6 18. dxe6 c4 19. Bc2 Be5 20. e4 f4 21. Nd5 Qxe6 22.
Nxf4 Qc6 23. Nd5 Rhd8 24. Qe3 Nxd5 25. exd5 Qxd5 26. Rfd1 Qc6 27. Be4 Qxa4 28.
Bf3 Qb4 29. Qe2 Qxb2 30. Rxd8 Rxd8 31. Qxc4 b5 32. Qc6 a4 33. Qb7+ Kh6 34. Rc8
Bd4 35. Kg2 Qxf2+ 36. Kh3 Qf1+ 37. Kh4 f5 38. Rc6 Be3 39. Bg2 Qe2 0-1

[Event "Warsaw Chess Open 2022 - A"]
[Site "Warsaw"]
[Date "1899-12-30"]
[Round "3.12"]
[White "Terzi, Alexei"]
[Black "Meers, Hubert"]
[Result "1/2-1/2"]
[WhiteTitle "FM"]
[BlackTitle "k"]
[WhiteElo "2286"]
[BlackElo "2003"]

1. Nf3 Nf6 2. g3 b6 3. Bg2 Bb7 4. O-O e6 5. c4 Be7 6. d4 O-O 7. d5 exd5 8. Nh4
c6 9. cxd5 Nxd5 10. Nf5 Nf6 11. e4 Na6 12. e5 Ne8 13. Qg4 Nc5 14. Bh6 Ne6 15.
Nc3 f6 16. Bf4 fxe5 17. Bxe5 Nf6 18. Bxf6 Bxf6 19. Nd6 Ba6 20. Bxc6 Bxf1 21. Bxa8
Qxa8 22. Rxf1 Bxc3 23. bxc3 Qd5 24. Rd1 Qxa2 25. f4 Qa3 26. f5 Qc5+ 27. Kg2 Qc6+
28. Kg1 Qc5+ 29. Kg2 Qc6+ 30. Kg1 Nc7 31. c4 b5 32. cxb5 Nxb5 33. Qc4+ Qxc4 34.
Nxc4 Rxf5 35. Rxd7 Rc5 36. Nd6 Nxd6 37. Rxd6 Ra5 38. Rd7 Ra2 39. Rc7 h6 40. h4
Kh7 41. h5 Kg8 42. Rb7 a5 43. Ra7 a4 44. Kh1 a3 45. Kg1 Ra1+ 46. Kg2 a2 47. Kh2
Kf8 48. Kg2 Ke8 49. Kh2 Kd8 50. Kg2 Kc8 51. Kh2 Kb8 52. Ra3 Kb7 53. Kg2 Kb6 54.
Ra8 Kc5 55. Kh2 Kd4 56. Kg2 Ke4 57. Ra5 Ke3 58. Ra4 Kd3 59. Ra8 Kc4 60. Ra7 Kb3
61. Rb7+ 1/2-1/2

[Event "Warsaw Chess Open 2022 - A"]
[Site "Warsaw"]
[Date "1899-12-30"]
[Round "3.14"]
[White "Krasiewicz, Robert"]
[Black "Mickiewicz, Piotr"]
[Result "0-1"]
[WhiteTitle "k+"]
[BlackTitle "m"]
[WhiteElo "1999"]
[BlackElo "2284"]

1. c4 e5 2. g3 Nf6 3. Bg2 d5 4. cxd5 Nxd5 5. Nc3 Nb6 6. d3 Be7 7. b3 O-O 8. Bb2
a5 9. Rc1 f6 10. h4 Nc6 11. Bxc6 bxc6 12. Nf3 Bg4 13. Nd2 f5 14. Qc2 e4 15. dxe4
f4 16. Qd3 Qxd3 17. exd3 fxg3 18. fxg3 Rad8 19. d4 Rxd4 20. Nd5 Bd6 21. Ne7+ Kh8
22. Rg1 Rxd2 23. Kxd2 Rf2+ 24. Kd3 Rxb2 25. Nxc6 Rxa2 26. e5 Bf5+ 27. Kd4 Ba3
28. Rcf1 Bb2+ 29. Kc5 Nd7+ 30. Kd5 Nb6+ 31. Kc5 Ba3+ 32. Kd4 g6 33. g4 Bd7 34.
Nd8 Rd2+ 35. Ke4 Bb5 36. Rd1 Re2+ 37. Kf3 Rc2 38. Kf4 Rc3 39. Ne6 Be7 40. Rc1
Rxb3 41. Nxc7 Bc4 42. h5 g5+ 43. Ke4 Bc5 44. Rge1 Bf2 45. Red1 Re3+ 46. Kf5 Rf3+
47. Kxg5 Be3+ 48. Kh4 h6 49. g5 Bxg5+ 50. Kg4 Rf7 51. Ne8 Be2+ 52. Kh3 Bxd1 53.
Rxd1 Nc4 54. Nd6 Rf3+ 55. Kh2 Nxe5 56. Rd5 Bf4+ 57. Kg2 Rg3+ 58. Kf1 a4 59. Nf5
Rf3+ 60. Kg2 Rd3 61. Ra5 a3 0-1

[Event "Warsaw Chess Open 2022 - A"]
[Site "Warsaw"]
[Date "1899-12-30"]
[Round "3.15"]
[White "Chyzy, Jakub"]
[Black "Klim, Filip"]
[Result "1-0"]
[WhiteTitle "FM"]
[BlackTitle "I++"]
[WhiteElo "2230"]
[BlackElo "1975"]

1. e4 c5 2. Nf3 d6 3. d4 cxd4 4. Nxd4 Nf6 5. Nc3 a6 6. Be3 e5 7. Nb3 Be6 8. h3
Nbd7 9. g4 b5 10. Qd2 b4 11. Ne2 Nxe4 12. Qxb4 d5 13. Qa4 Qc7 14. Bg2 Nec5 15.
Bxc5 Bxc5 16. O-O-O O-O 17. Bxd5 Rac8 18. Bxe6 Nb6 19. Bxf7+ Rxf7 20. Qe4 Bxf2
21. Nc3 Nc4 22. Nd5 Qb7 23. Nc3 Be3+ 24. Kb1 Qb4 25. Rhe1 Bd4 26. Nd5 Qb5 27.
Rxd4 exd4 28. Ne7+ Rxe7 29. Qxe7 Kh8 30. Rd1 Re8 31. Qa7 a5 32. a4 Qxa4 33. Qxd4
Qb4 34. Qc5 Qa4 35. Qd5 Ne3 36. Qd7 Qe4 37. Rc1 h6 38. Nc5 Qe5 39. Nd3 Qe4 40.
Nc5 Qe5 41. Re1 Kh7 42. Nb3 Re7 43. Qd3+ g6 44. Nxa5 Qxa5 45. Rxe3 Ra7 46. Qa3
Qc7 47. Qb4 Qf7 48. b3 Qf6 49. Qc3 Qd6 50. Re1 Rc7 51. Qe5 Qc6 52. Qe4 Qc3 53.
Re3 Qc5 54. h4 h5 55. gxh5 Qxh5 56. Kb2 Qc5 57. h5 Qxh5 58. Qe5 Qxe5+ 59. Rxe5
Kg7 60. b4 Kf6 61. Re1 g5 62. Kb3 g4 63. b5 Kf5 64. c4 g3 65. Kb4 1-0

[Event "Warsaw Chess Open 2022 - A"]
[Site "Warsaw"]
[Date "1899-12-30"]
[Round "3.16"]
[White "Podgorski, Maciej"]
[Black "Rozycki, Bartlomiej"]
[Result "0-1"]
[WhiteTitle "I++"]
[BlackTitle "k++"]
[WhiteElo "1967"]
[BlackElo "2210"]

1. e4 c6 2. Nc3 d5 3. Nf3 Bg4 4. h3 Bxf3 5. Qxf3 e6 6. d3 g6 7. g4 Bg7 8. Be2 Nd7
9. h4 h5 10. gxh5 Rxh5 11. Qg3 d4 12. Bxh5 dxc3 13. b3 Be5 14. f4 Bd4 15. Be2
Ngf6 16. Be3 Qb6 17. Bxd4 Qxd4 18. Qg1 Qb4 19. a3 Qa5 20. Qd4 O-O-O 21. b4 Qc7
22. Rf1 Rh8 23. Qxa7 Rxh4 24. O-O-O c5 25. b5 Rxf4 26. Rh1 Kd8 27. Rh2 Ke7 28.
Rg2 Rh4 29. Kb1 Rh8 30. Qa4 Qe5 31. Qb3 Qd4 32. Rf1 Ne5 33. Rgf2 Ne8 34. a4 Nd6
35. Ka2 Ra8 36. Ka3 Nd7 37. Bg4 f5 38. exf5 gxf5 39. Rf4 Qe5 40. Bd1 Nb6 41. Ka2
c4 42. dxc4 Rxa4+ 43. Kb1 Ndxc4 44. Rxc4 Rxc4 45. Qa3+ Kd7 46. Rh1 Qxb5+ 47. Kc1
Nd5 48. Rh7+ Kc6 49. Bh5 Qb4 50. Be8+ Kd6 51. Qa2 Qb2+ 52. Qxb2 cxb2+ 53. Kxb2
Nf6 54. Rh8 Rc8 0-1

[Event "Warsaw Chess Open 2022 - A"]
[Site "Warsaw"]
[Date "1899-12-30"]
[Round "3.17"]
[White "Padalka, Artem"]
[Black "Sliwerski, Radoslaw"]
[Result "1-0"]
[WhiteTitle ""]
[BlackTitle "k++"]
[WhiteElo "2204"]
[BlackElo "1951"]

1. Nf3 d5 2. c4 e6 3. g3 Nf6 4. Bg2 dxc4 5. Qa4+ c6 6. Qxc4 b5 7. Qc2 Bb7 8. d4
Nbd7 9. Nc3 c5 10. O-O b4 11. Na4 cxd4 12. Nxd4 Bxg2 13. Kxg2 Rc8 14. Qd3 Qa5
15. b3 Qd5+ 16. Kg1 Bd6 17. Rd1 Be5 18. Bb2 O-O 19. Qa6 Qe4 20. Qb5 Rb8 21. Qc6
Bxd4 22. Qxe4 Bxf2+ 23. Kxf2 Nxe4+ 24. Kf3 Nef6 25. g4 h6 26. h4 Rb5 27. Rac1
Ne5+ 28. Bxe5 Rxe5 29. Rc7 h5 30. gxh5 Rf5+ 31. Kg2 Nd5 32. e4 Nxc7 33. exf5 exf5
34. Rd7 Rc8 35. Kg3 Ne6 36. Rxa7 Rc2 37. Rb7 Rxa2 38. Rxb4 Kh7 39. Rb7 f4+ 40.
Kf3 Ra3 41. Kg4 f3 42. Kg3 f6 43. Rb4 Kh6 44. Re4 Nc7 45. Nc5 Na6 46. Re8 Kxh5
47. Rh8+ Kg6 48. Ra8 Ra5 49. Nxa6 Ra3 50. b4 1-0

[Event "Warsaw Chess Open 2022 - A"]
[Site "Warsaw"]
[Date "1899-12-30"]
[Round "3.18"]
[White "Ciechanski, Jacenty"]
[Black "Mulawa, Cyprian"]
[Result "0-1"]
[WhiteTitle "CM"]
[BlackTitle "I"]
[WhiteElo "2192"]
[BlackElo "1949"]

1. e4 c5 2. Nc3 Nc6 3. Nf3 Nf6 4. Bc4 e6 5. O-O Nxe4 6. Bxe6 Nxc3 7. Bxf7+ Kxf7
8. dxc3 d5 9. Ng5+ Kg8 10. Re1 h6 11. Ne6 Bxe6 12. Rxe6 Qd7 13. Qe2 Qf7 14. g3
Rd8 15. Bf4 Rd7 16. Re1 Re7 17. Rxe7 Qxe7 18. Qd1 Qf7 19. Qe2 Kh7 20. Qd3+ g6
21. h4 h5 22. b3 Bg7 23. a3 Rd8 24. Kh2 Bh6 0-1

[Event "Warsaw Chess Open 2022 - A"]
[Site "Warsaw"]
[Date "1899-12-30"]
[Round "3.19"]
[White "Tytynnik, Artem"]
[Black "Szczotka, Klara"]
[Result "1-0"]
[WhiteTitle "FM"]
[BlackTitle "k+"]
[WhiteElo "2186"]
[BlackElo "1760"]

1. d4 Nf6 2. c4 e6 3. g3 d5 4. Nf3 Nbd7 5. Bg2 dxc4 6. Qa4 a6 7. Qxc4 b5 8. Qc2
Bb7 9. O-O c5 10. e3 Rc8 11. Qe2 Be7 12. b3 O-O 13. Bb2 cxd4 14. Bxd4 Nc5 15.
Nbd2 Nce4 16. Nxe4 Nxe4 17. Rfd1 Bd5 18. Ne1 f5 19. Nd3 Bd6 20. Nf4 Bxf4 21. exf4
Qc7 22. Qb2 Qb7 23. Bf1 Rf7 24. Be5 h5 25. h4 Rff8 26. Rac1 Qf7 27. a4 Qb7 28.
axb5 axb5 29. b4 Kh7 30. Qe2 g6 31. Rxc8 Rxc8 32. Qxb5 Qxb5 33. Bxb5 Nc3 34. Bxc3
Rxc3 35. Be2 Rb3 36. b5 Kg7 37. Kf1 Kf6 38. Ke1 Ke7 39. Rc1 Kd7 40. Kd2 Rb2+ 41.
Rc2 Rb3 42. Rc3 Rb2+ 43. Rc2 Rb3 44. Kc1 Kd6 45. Rb2 Ra3 46. b6 Ra8 47. Kd2 Bb7
48. Bc4 e5 49. fxe5+ Kxe5 50. Ke3 Ra4 51. Rb5+ Kd6 52. Bf7 Re4+ 53. Kd2 Rg4 54.
Kc3 f4 55. Rg5 Kd5 1-0

[Event "Warsaw Chess Open 2022 - A"]
[Site "Warsaw"]
[Date "1899-12-30"]
[Round "3.20"]
[White "Zysko, Jan"]
[Black "Starosta, Martyna"]
[Result "0-1"]
[WhiteTitle "k"]
[BlackTitle "WCM"]
[WhiteElo "2138"]
[BlackElo "1918"]

1. d4 e6 2. c4 Nf6 3. Nf3 Bb4+ 4. Bd2 Qe7 5. e3 Bxd2+ 6. Nfxd2 c5 7. Nc3 cxd4 8.
exd4 O-O 9. Be2 Nc6 10. Nf3 b6 11. O-O Bb7 12. Re1 Na5 13. d5 Qb4 14. Nd4 Qxb2
15. Qd3 Rfc8 16. a3 Nxc4 17. Ndb5 Qd2 18. Qg3 Bxd5 19. Rad1 Qh6 20. Nc7 Rab8 21.
N3xd5 exd5 22. Nxd5 Nxd5 23. Rxd5 Qe6 24. Rdd1 Re8 25. Qc3 b5 26. a4 a6 27. axb5
axb5 28. Bf3 b4 29. Qc1 Ne5 30. Bd5 Qb6 31. Bb3 d6 32. Qd2 Red8 33. Re4 h6 34.
Rd4 Qc5 35. Rc1 Qb6 36. Rd1 Qc5 37. Rc1 Qa5 38. Rxd6 Nf3+ 39. gxf3 Rxd6 40. Bxf7+
Kxf7 41. Qf4+ Kg8 0-1

[Event "Warsaw Chess Open 2022 - A"]
[Site "Warsaw"]
[Date "1899-12-30"]
[Round "3.21"]
[White "Oniani, Tamar"]
[Black "Janeczko, Jakub"]
[Result "0-1"]
[WhiteTitle ""]
[BlackTitle "I++"]
[WhiteElo "1663"]
[BlackElo "2080"]

1. d4 Nf6 2. c4 g6 3. Nc3 Bg7 4. e4 d6 5. Be2 O-O 6. Bg5 Na6 7. Qd2 e5 8. d5 Qe8
9. f3 Nh5 10. g4 Nf4 11. h4 f5 12. Nh3 fxg4 13. Nxf4 exf4 14. O-O gxf3 15. Bxf3
Qe5 16. Bg2 Qd4+ 17. Qxd4 Bxd4+ 18. Kh1 Be5 19. Rf2 Nc5 20. Rd1 Bg4 21. Bh6 Bxc3
22. Bxf8 Bxd1 0-1

[Event "Warsaw Chess Open 2022 - A"]
[Site "Warsaw"]
[Date "1899-12-30"]
[Round "3.22"]
[White "Zaninotto, Franco"]
[Black "Yasmo, Daniil"]
[Result "1/2-1/2"]
[WhiteTitle "FM"]
[BlackTitle ""]
[WhiteElo "2069"]
[BlackElo "1680"]

1. e4 e5 2. Nf3 Nc6 3. Nc3 Nf6 4. Bb5 Bb4 5. O-O O-O 6. d3 d6 7. Ne2 Bg4 8. c3
Bxf3 9. gxf3 Ba5 10. Ng3 Ne7 11. f4 exf4 12. Bxf4 c6 13. Ba4 Ng6 14. Be3 Qd7 15.
Nf5 d5 16. Qf3 Qe6 17. exd5 Nxd5 18. Bd4 Ne5 19. Qe4 Bc7 20. Bb3 Rfe8 21. Kh1
Qd7 22. Nxg7 Kxg7 23. f4 Nf6 24. Bxe5 Bxe5 25. Qg2+ Qg4 26. Qxg4+ Nxg4 27. fxe5
Rxe5 28. Rxf7+ Kh6 29. Rf4 Kg5 1/2-1/2

[Event "Warsaw Chess Open 2022 - A"]
[Site "Warsaw"]
[Date "1899-12-30"]
[Round "3.23"]
[White "Shamatava, Nikolozi"]
[Black "Fishchuk, Vladyslav"]
[Result "1/2-1/2"]
[WhiteTitle ""]
[BlackTitle "FM"]
[WhiteElo "1783"]
[BlackElo "2309"]

1. d4 Nf6 2. Nf3 d5 3. c4 e6 4. g3 dxc4 5. Qa4+ Nbd7 6. Bg2 a6 7. Qxc4 b5 8. Qc6
Rb8 9. Bf4 Bb7 10. Qc2 Rc8 11. O-O c5 12. Qd1 cxd4 13. Qxd4 Bc5 14. Qd1 Qb6 15.
Nc3 O-O 16. a4 Rfd8 17. Qb1 Ng4 18. Nd1 Ndf6 19. b4 Bd6 20. Bxd6 Rxd6 21. h3 Be4
22. Qb2 Rc2 23. Qb3 Rxe2 24. axb5 Rxd1 25. Qxd1 Rxf2 26. Rxf2 Qxf2+ 27. Kh1 Bd5
28. hxg4 Qxg3 29. bxa6 Nxg4 30. Qe1 Nf2+ 31. Kg1 Nh3+ 32. Kh1 Nf2+ 33. Kg1 Nh3+
34. Kh1 Nf2+ 35. Kg1 Nh3+ 1/2-1/2

[Event "Warsaw Chess Open 2022 - A"]
[Site "Warsaw"]
[Date "1899-12-30"]
[Round "3.24"]
[White "Sowul, Bartosz"]
[Black "Darda-braver, Roman"]
[Result "1-0"]
[WhiteTitle "k++"]
[BlackTitle ""]
[WhiteElo "2283"]
[BlackElo "1963"]

1. Nf3 f5 2. d3 Nf6 3. e4 d6 4. exf5 Bxf5 5. d4 Nbd7 6. Bd3 Bg4 7. h3 Bh5 8. g4
Bf7 9. Ng5 Bd5 10. Rg1 e5 11. c4 Bg8 12. d5 c6 13. Nc3 Nc5 14. Bc2 Be7 15. b4
Na6 16. Rb1 Nxd5 17. cxd5 Bxg5 18. Bxg5 Qxg5 19. dxc6 O-O-O 20. Bf5+ Kb8 21. cxb7
d5 22. Nb5 Qf6 23. Qa4 Qb6 24. Rc1 Kxb7 25. Rg3 g6 26. Bd3 Be6 27. Nxa7 Qxb4+
28. Qxb4+ Nxb4 29. Rb1 Kxa7 30. Rxb4 Rb8 31. Bb5 Rb6 32. Re3 e4 33. Ra3+ Kb8 34.
Rba4 Kc7 35. Ra7+ Kd6 36. R3a6 Rxa6 37. Rxa6+ Ke5 38. a4 d4 39. a5 d3 40. Rb6
Rd8 41. Kd2 Rf8 42. Ke1 d2+ 43. Kxd2 Rxf2+ 44. Ke1 e3 45. a6 Bd5 46. Be2 Rf7 47.
Rb5 Kd4 48. Ra5 Ra7 49. g5 Bh1 50. Bg4 Bc6 51. h4 Ke4 52. Bc8 Kf4 53. Rc5 Bf3
54. Rc1 Kg3 55. Rb1 Kxh4 56. Bb7 Bg4 57. Rb5 Bd7 58. Rc5 Kh5 59. Rc7 Bg4 60. Rxh7+
Kxg5 61. Rh8 Bf3 62. Bxf3 Rxa6 63. Ke2 Re6 64. Ra8 Re5 65. Ra4 Kf5 66. Kd3 Re7
67. Bg4+ Kg5 68. Ke2 Re5 69. Rb4 Re7 70. Bf3 Kf5 71. Kf1 Re5 72. Bg4+ Kg5 73.
Be2 Rf5+ 74. Ke1 Re5 75. Bd3 Re6 76. Ke2 Kh5 77. Kf3 Re5 78. Be4 Re6 79. Kxe3
Kg5 80. Kf3 Rf6+ 81. Kg3 Ra6 82. Rb5+ Kh6 83. Kf4 Rf6+ 84. Ke5 Rf1 85. Rb6 Rg1
86. Bd3 Re1+ 87. Kf6 g5 88. Bf5 Rf1 89. Rb7 1-0

[Event "Warsaw Chess Open 2022 - A"]
[Site "Warsaw"]
[Date "1899-12-30"]
[Round "3.25"]
[White "Dalkowski, Rafal"]
[Black "Markuszewski, Maksymilian"]
[Result "0-1"]
[WhiteTitle "k"]
[BlackTitle ""]
[WhiteElo "2120"]
[BlackElo "1931"]

1. d4 d5 2. c4 c6 3. Nc3 Nf6 4. Nf3 e6 5. Bg5 dxc4 6. e4 b5 7. e5 h6 8. Bh4 g5
9. Nxg5 hxg5 10. Bxg5 Nbd7 11. g3 Bb7 12. Bg2 Qb6 13. exf6 c5 14. d5 O-O-O 15.
O-O b4 16. Na4 Qa6 17. a3 Bxd5 18. Bxd5 Ne5 19. axb4 Rxd5 20. Qe2 cxb4 21. Bf4
Nd3 22. Be3 Qc6 23. Bxa7 Rdh5 24. f3 Bd6 25. Qe4 Qxe4 26. fxe4 Kb7 27. Bd4 Rxh2
28. Nb6 Nxb2 29. Nd7 Kc6 30. Ne5+ Bxe5 31. Bxe5 Nd3 32. Bd4 Kb5 33. g4 R2h4 34.
Kg2 Rxg4+ 35. Kf3 Rf4+ 36. Ke3 Rh3+ 37. Kd2 0-1

[Event "Warsaw Chess Open 2022 - A"]
[Site "Warsaw"]
[Date "1899-12-30"]
[Round "3.26"]
[White "Spicak, Krzysztof"]
[Black "Atkinson, Paul"]
[Result "0-1"]
[WhiteTitle "k"]
[BlackTitle "CM"]
[WhiteElo "1858"]
[BlackElo "2116"]

1. f4 d5 2. b3 c5 3. Bb2 Nc6 4. e3 a6 5. d4 cxd4 6. exd4 Nf6 7. Nf3 g6 8. Be2 Bh6
9. Bc1 Qc7 10. g3 Bh3 11. Rg1 Ne4 12. Bb2 O-O 13. Nbd2 Qa5 14. a3 Nc3 15. Qc1
Nxe2 16. Kxe2 Rac8 17. c4 dxc4 18. bxc4 f6 19. d5 Nd8 20. a4 Nf7 21. Bc3 Qc7 22.
Bb4 Rfe8 23. Nd4 e5 24. dxe6 Bxe6 25. Kd3 Rcd8 26. Re1 Bg7 27. N2f3 f5 28. c5
Bd5 29. Rxe8+ Rxe8 30. Ra3 Bxf3 31. Nxf3 Qe7 32. Nd2 Qe2+ 33. Kc2 Rd8 34. Qd1
Qf2 35. Rb3 Qd4 36. Qf3 a5 37. Bxa5 Qxc5+ 38. Bc3 Nd6 39. Kb2 Bxc3+ 40. Qxc3 Qf2
41. Ka3 Qxd2 42. Qxd2 Nc4+ 43. Kb4 Nxd2 44. Rc3 Rd7 45. a5 Ne4 46. Rc8+ Kf7 47.
Rh8 Ke6 48. Kb5 Nd6+ 49. Kb6 Nc4+ 50. Kb5 Kd5 51. a6 bxa6+ 52. Kxa6 Kc6 53. Re8
Nd6 54. Re1 Nc4 55. Rc1 Kc5 56. Rc2 Rd2 0-1

[Event "Warsaw Chess Open 2022 - A"]
[Site "Warsaw"]
[Date "1899-12-30"]
[Round "3.27"]
[White "Ceponis, Tadas"]
[Black "Zalega, Maciej"]
[Result "1-0"]
[WhiteTitle ""]
[BlackTitle "I+"]
[WhiteElo "2093"]
[BlackElo "1912"]

1. e4 c5 2. d4 cxd4 3. c3 Nf6 4. e5 Nd5 5. Nf3 Nc6 6. cxd4 d6 7. Bc4 e6 8. O-O
Be7 9. Bd2 O-O 10. exd6 Qxd6 11. Nc3 Nxc3 12. Bxc3 Bf6 13. Qd2 Rd8 14. Rad1 Qc7
15. Qe2 Ne7 16. Ne5 Nd5 17. Rc1 Nxc3 18. bxc3 Bxe5 19. dxe5 b6 20. Rfe1 Bb7 21.
Bb3 Qc6 22. f3 Rd7 23. Red1 Rxd1+ 24. Qxd1 g6 25. Qd4 Rc8 26. Kf2 Kg7 27. Rc2
Rc7 28. Qe3 a5 29. Qf4 Rd7 30. Rd2 Qc5+ 31. Rd4 Bd5 32. Qe3 b5 33. c4 bxc4 34.
Bxc4 Rb7 35. Bxd5 Rb2+ 36. Kg3 exd5 37. e6 Qd6+ 38. Rf4 d4 39. e7 dxe3 40. e8=N+
Kg8 41. Nxd6 Rxa2 42. Re4 e2 43. Re8+ Kg7 44. Nb5 f5 45. Nc3 Rc2 46. Nxe2 Kf7
47. Re3 a4 48. Kf2 Ra2 49. f4 h6 50. Re5 Kf6 51. Ra5 g5 52. Ra6+ Kg7 53. h3 g4
54. hxg4 fxg4 55. Re6 a3 56. f5 h5 57. Kg3 Kf7 58. Nf4 Rb2 59. Nxh5 1-0

[Event "Warsaw Chess Open 2022 - A"]
[Site "Warsaw"]
[Date "1899-12-30"]
[Round "3.28"]
[White "Murchadha, Oissine"]
[Black "Ciborowski, Konrad Jr"]
[Result "1/2-1/2"]
[WhiteTitle "I"]
[BlackTitle "I++"]
[WhiteElo "1984"]
[BlackElo "1904"]

1. e4 c5 2. Nf3 g6 3. c4 Nc6 4. d4 cxd4 5. Nxd4 Nf6 6. Nc3 d6 7. Be2 Nxd4 8. Qxd4
Bg7 9. O-O O-O 10. Qd2 a5 11. Rb1 a4 12. f3 Be6 13. Nb5 Nd7 14. Kh1 Nc5 15. Nd4
Bd7 16. Rd1 Qb6 17. b4 axb3 18. axb3 Rfc8 19. Bf1 Ne6 20. Nxe6 Bxe6 21. Qe3 Qa5
22. Bd2 Qh5 23. Qg5 Qxg5 24. Bxg5 Kf8 25. Be3 Ra2 26. Bd3 Bc3 27. Rdc1 Bb4 28.
Rd1 Rca8 29. Bf1 R8a3 30. Bh6+ Ke8 31. Bc1 Ra5 32. Be3 Bd7 33. Bb6 R5a3 34. Bd4
f5 35. e5 Ra5 36. exd6 Bxd6 37. b4 R5a4 38. c5 Bf4 39. Bc4 R2a3 40. Bb2 Re3 41.
Bd4 Rea3 42. Bb2 Re3 43. Bd4 Rea3 1/2-1/2

[Event "Warsaw Chess Open 2022 - A"]
[Site "Warsaw"]
[Date "1899-12-30"]
[Round "3.29"]
[White "Siekanska, Zuzanna"]
[Black "Pettersson, Alexander"]
[Result "1-0"]
[WhiteTitle "I++"]
[BlackTitle "II+"]
[WhiteElo "1712"]
[BlackElo "1968"]

1. d4 d5 2. c4 e6 3. Nc3 Bb4 4. Qa4+ Nc6 5. Nf3 Nge7 6. a3 Bxc3+ 7. bxc3 O-O 8.
e3 Bd7 9. Qc2 h6 10. Bd3 Na5 11. cxd5 exd5 12. O-O c5 13. dxc5 Rc8 14. e4 dxe4
15. Bxe4 Bc6 16. Be3 Qc7 17. Nd4 Bxe4 18. Qxe4 a6 19. Rab1 Rfe8 20. Qg4 Ng6 21.
Nf5 Re6 22. Bd4 h5 23. Qg5 Qf4 24. Qxh5 Ne5 25. Rbe1 g6 26. Bxe5 Rxe5 27. Nh6+
Kh7 28. Qxe5 Qxh6 29. Qe7 Kg7 30. Re3 Rxc5 31. Rf3 1-0

[Event "Warsaw Chess Open 2022 - A"]
[Site "Warsaw"]
[Date "1899-12-30"]
[Round "3.30"]
[White "Bogusz, Alan"]
[Black "Malek, Jan"]
[Result "0-1"]
[WhiteTitle "I"]
[BlackTitle "k++"]
[WhiteElo "1794"]
[BlackElo "2320"]

1. e4 e5 2. Nf3 Nc6 3. Bb5 a6 4. Ba4 Nf6 5. d3 b5 6. Bb3 Bc5 7. c3 d6 8. h3 h6
9. O-O Bb6 10. Bc2 O-O 11. Nbd2 Ne7 12. Re1 Ng6 13. Nf1 Nh5 14. d4 Ngf4 15. Kh2
Qf6 16. Ng3 Nxg3 17. fxg3 Ng6 18. Be3 Re8 19. d5 Bxe3 20. Rxe3 Bd7 21. Nd2 Qg5
22. Qe2 Rf8 23. a4 Ne7 24. Nf3 Qh5 25. Kg1 f5 26. c4 Qf7 27. axb5 axb5 28. Rea3
Rxa3 29. Rxa3 bxc4 30. Qxc4 fxe4 31. Bxe4 c6 32. Rd3 Bf5 33. Bxf5 cxd5 34. Qc7
Qxf5 35. Rd1 Qf6 36. b4 e4 37. Nd4 Nf5 38. Nxf5 Qxf5 39. Qxd6 e3 40. Kh2 e2 41.
Re1 Qe4 42. Qc5 Rf1 43. Qc3 Rf2 44. Rg1 e1=Q 0-1

[Event "Warsaw Chess Open 2022 - A"]
[Site "Warsaw"]
[Date "1899-12-30"]
[Round "3.31"]
[White "Kostecka, Marika"]
[Black "Siekanska, Maria"]
[Result "1-0"]
[WhiteTitle "WCM"]
[BlackTitle "k+"]
[WhiteElo "1836"]
[BlackElo "1964"]

1. e4 c5 2. Nf3 d6 3. d4 cxd4 4. Nxd4 Nf6 5. Nc3 a6 6. Be3 e6 7. f3 b5 8. a3 Bb7
9. Qd2 Nbd7 10. g4 Nb6 11. O-O-O Nfd7 12. Nb3 Rc8 13. Rg1 Ne5 14. Na5 Ba8 15.
Qf2 Nec4 16. Nxc4 Nxc4 17. Bxc4 Rxc4 18. f4 Bxe4 19. Nxe4 Rxe4 20. f5 Be7 21.
fxe6 Rxe6 22. g5 O-O 23. Rd5 Qb8 24. Bd2 Bd8 25. Qf5 Re5 26. Qd3 Rxd5 27. Qxd5
a5 28. g6 Qb6 29. gxh7+ Kh8 30. Qg2 Bf6 31. Qg4 Re8 32. Kb1 a4 33. Bc3 Bxc3 34.
bxc3 g6 35. Rf1 Qc7 36. Qd4+ Kxh7 37. Rf4 Re5 38. Rf6 Re6 39. Rf3 Kg8 40. Rh3
Re5 41. Rh6 Qc4 42. Qxd6 Re1+ 43. Kb2 Qf1 44. Qd8+ 1-0

[Event "Warsaw Chess Open 2022 - A"]
[Site "Warsaw"]
[Date "1899-12-30"]
[Round "3.32"]
[White "Khamidov, Abdulla"]
[Black "Keely, Leo A"]
[Result "1-0"]
[WhiteTitle ""]
[BlackTitle ""]
[WhiteElo "1834"]
[BlackElo "1955"]

1. e4 d5 2. exd5 Nf6 3. Bb5+ Bd7 4. Bxd7+ Qxd7 5. c4 c6 6. dxc6 Nxc6 7. Nf3 O-O-O
8. O-O e5 9. Nc3 Bb4 10. Qe2 Rhe8 11. a3 Bxc3 12. dxc3 e4 13. Ne1 Ng4 14. h3 Nge5
15. Qxe4 f5 16. Qc2 Nxc4 17. Bg5 Ne7 18. Nf3 Qb5 19. b3 Nd6 20. Nd4 Qd5 21. Rfe1
Rd7 22. Rad1 Ne4 23. Bxe7 Rdxe7 24. f3 Nd6 25. Rxe7 Rxe7 26. c4 Qa5 27. b4 Qe5
28. c5 Qe3+ 29. Kh1 Nf7 30. Nxf5 Qe6 31. Nxe7+ Qxe7 32. c6 bxc6 33. Qxc6+ Kb8
34. Qd7 Qe2 35. Rc1 Qa6 36. b5 Qb7 37. Qe8+ 1-0

[Event "Warsaw Chess Open 2022 - A"]
[Site "Warsaw"]
[Date "1899-12-30"]
[Round "3.33"]
[White "Celinski, Kamil"]
[Black "Rejniak, Zuzanna"]
[Result "0-1"]
[WhiteTitle "I++"]
[BlackTitle "k"]
[WhiteElo "1876"]
[BlackElo "1813"]

1. e4 c5 2. Nf3 d6 3. Bb5+ Nd7 4. O-O Ngf6 5. Re1 a6 6. Bd3 g6 7. c3 Bg7 8. Bc2
O-O 9. d4 b5 10. e5 Ne8 11. Bg5 dxe5 12. dxc5 Bb7 13. a4 Nc7 14. axb5 Nxb5 15.
Ba4 e4 16. Nd4 Nxc5 17. Bxb5 axb5 18. Rxa8 Bxa8 19. Nxb5 Nd3 20. Rf1 e3 21. Bxe7
Qd5 22. f3 Rc8 23. N1a3 Nxb2 24. Qe2 Qd2 25. Re1 Nd3 26. Qxd2 exd2 27. Rd1 Bh6
28. Nb1 Re8 29. Nxd2 Rxe7 30. Ne4 Bxe4 31. fxe4 Nc5 32. Nd6 Nxe4 33. Re1 f5 34.
g4 Bf4 35. Nc4 Rc7 36. Nb6 Rxc3 37. Nd5 Bd2 38. Re2 Rc1+ 39. Kg2 Re1 40. Rxe1
Bxe1 41. gxf5 g5 42. Kf3 Nc3 43. Nc7 h5 44. Ne6 Bd2 45. f6 Kf7 46. Ng7 h4 47.
Kg4 Nd5 48. Kf5 Nxf6 49. Ne6 g4 50. Nd4 Be3 51. Ne2 Kg7 52. Ke5 Kg6 53. Ke6 Kg5
54. Ke5 Bf2 55. Ke6 g3 56. hxg3 h3 57. Nf4 h2 58. Nh3+ Kg4 59. Nxf2+ Kxg3 60.
Nh1+ Kg2 61. Kd5 0-1

[Event "Warsaw Chess Open 2022 - A"]
[Site "Warsaw"]
[Date "1899-12-30"]
[Round "3.34"]
[White "Adamski, Adam"]
[Black "Yunusov, Mukhammad"]
[Result "1-0"]
[WhiteTitle "I"]
[BlackTitle ""]
[WhiteElo "1784"]
[BlackElo "1874"]

1. e4 c5 2. Nf3 d6 3. d4 cxd4 4. Nxd4 Nf6 5. Nc3 Nc6 6. Bg5 Bd7 7. Qd2 Rc8 8. O-O-O
Nxd4 9. Qxd4 Qa5 10. Bd2 Qc5 11. Qxc5 dxc5 12. Bf4 Bc6 13. Nb5 e5 14. Bxe5 Ng4
15. Bg3 Be7 16. h3 Nf6 17. Nc7+ Kf8 18. f3 Bxe4 19. fxe4 Nxe4 20. Bh2 Nf2 21.
Bc4 Nxh1 22. Rxh1 h5 23. Rf1 Bf6 24. Bd6+ Kg8 25. Nd5 Rh6 26. Rxf6 Rxf6 27. Ne7+
Kf8 28. Nxc8+ Ke8 29. Bb5+ Kd8 30. Be7+ Kxc8 31. Bxf6 gxf6 32. Bc4 h4 33. Kd2
Kd7 34. Bxf7 Kd6 35. Ke3 Ke5 36. Bh5 b5 37. c3 a5 38. a3 f5 39. Be8 b4 40. cxb4
axb4 41. axb4 cxb4 42. Bc6 1-0

[Event "Warsaw Chess Open 2022 - A"]
[Site "Warsaw"]
[Date "1899-12-30"]
[Round "4.1"]
[White "Psyk, Radoslaw"]
[Black "Janik, Igor"]
[Result "0-1"]
[WhiteTitle "k++"]
[BlackTitle "GM"]
[WhiteElo "2411"]
[BlackElo "2519"]

1. e4 c5 2. Nf3 Nc6 3. Bb5 e6 4. O-O Nge7 5. b3 Nd4 6. Nxd4 cxd4 7. Bb2 a6 8. Bd3
Nc6 9. c3 Bc5 10. Na3 O-O 11. Nc2 dxc3 12. dxc3 Qh4 13. Nd4 Ne5 14. c4 Ng4 15.
h3 Nxf2 16. Rxf2 e5 17. Bc2 d6 18. Qd2 exd4 19. b4 Ba7 20. Bxd4 Bxd4 21. Qxd4
Be6 22. Rd1 Qg5 23. Kh1 a5 24. b5 Qc5 25. Qxc5 dxc5 26. Ba4 Rfd8 27. Rfd2 Rxd2
28. Rxd2 Kf8 29. Kh2 Ke7 30. Kg3 b6 31. Rc2 Rd8 32. Bb3 Rd4 33. Kf3 Kd6 34. h4
Ke5 35. Re2 Bxc4 36. Bxc4 Rxc4 37. h5 Rc3+ 38. Kg4 Rd3 39. Rf2 f6 40. Rf5+ Ke6
41. Rf2 Rd4 42. Kf3 Ke5 43. Re2 c4 44. g3 Rd3+ 45. Kg4 c3 46. Rd2 0-1

[Event "Warsaw Chess Open 2022 - A"]
[Site "Warsaw"]
[Date "1899-12-30"]
[Round "4.2"]
[White "Jarmula, Lukasz"]
[Black "Nguyen, Piotr"]
[Result "0-1"]
[WhiteTitle "GM"]
[BlackTitle "IM"]
[WhiteElo "2452"]
[BlackElo "2404"]

1. d4 Nf6 2. Nf3 g6 3. Bf4 Bg7 4. c3 O-O 5. Nbd2 d6 6. e4 Nbd7 7. Be2 Qe8 8. h3
e5 9. dxe5 dxe5 10. Be3 b6 11. O-O Bb7 12. Qc2 Nh5 13. Rfe1 f5 14. exf5 gxf5 15.
Bb5 a6 16. Bc4+ Kh8 17. g4 fxg4 18. Ng5 Nhf6 19. hxg4 e4 20. f3 Ne5 21. Bb3 Rd8
22. Bd4 Qg6 23. Be3 Bh6 24. f4 Nfxg4 25. Nc4 Bxg5 26. Nxe5 Nxe5 27. fxg5 Nf3+
28. Kg2 Qh5 29. Bg1 Qxg5+ 30. Kh1 Qh4+ 31. Bh2 Nxe1 0-1